European real estate weekly monitoring page (Record no. 83898)
[ view plain ]
| 000 -LEADER | |
|---|---|
| fixed length control field | 00851cad a22002055a 4500 |
| 001 - CONTROL NUMBER | |
| control field | L155707 |
| 008 - FIXED-LENGTH DATA ELEMENTS--GENERAL INFORMATION | |
| fixed length control field | 120404e2012 xxk 000 0 eng d |
| 035 ## - SYSTEM CONTROL NUMBER | |
| System control number | (Sirsi) u155707 |
| 041 0# - LANGUAGE CODE | |
| Language code of text/sound track or separate title | eng |
| 110 2# - MAIN ENTRY--CORPORATE NAME | |
| Corporate name or jurisdiction name as entry element | AEW Europe Research and Strategy |
| 9 (RLIN) | 6034 |
| 245 00 - TITLE STATEMENT | |
| Title | European real estate weekly monitoring page |
| Remainder of title | 2 April 2012 |
| Medium | [electronic resource] |
| 260 ## - PUBLICATION, DISTRIBUTION, ETC. | |
| Place of publication, distribution, etc. | [S.l.] |
| Name of publisher, distributor, etc. | AEW Europe |
| Date of publication, distribution, etc. | 2012 |
| 490 #0 - SERIES STATEMENT | |
| Series statement | AEW Europe European Weekly Real Estate Monitoring Page |
| Volume/sequential designation | 2 April 2012 |
| 520 ## - SUMMARY, ETC. | |
| Summary, etc. | Commentary on capital market indicators, real estate news, real estate market indicators, selected office markets, and selected retail markets. |
| 590 ## - LOCAL NOTE (RLIN) | |
| Local note | KA |
| 651 #4 - SUBJECT ADDED ENTRY--GEOGRAPHIC NAME | |
| Geographic name | Europe |
| 690 ## - LOCAL SUBJECT ADDED ENTRY--TOPICAL TERM (OCLC, RLIN) | |
| Topical term or geographic name as entry element | Commercial property |
| 9 (RLIN) | 6227 |
| 856 40 - ELECTRONIC LOCATION AND ACCESS | |
| Uniform Resource Identifier | <a href="https://www.aeweurope.com/uploads/pdfs/18eb1e41316f3f8c8da5fecb684dd0bb.pdf">https://www.aeweurope.com/uploads/pdfs/18eb1e41316f3f8c8da5fecb684dd0bb.pdf</a> |
| Public note | View the report at www.aeweurope.com |
| 942 ## - ADDED ENTRY ELEMENTS (KOHA) | |
| Suppress in OPAC | 0 |
| Withdrawn status | Lost status | Source of classification or shelving scheme | Damaged status | Not for loan | Home library | Current library | Shelving location | Date acquired | Total Checkouts | Full call number | Barcode | Date last seen | Copy number | Price effective from | Koha item type |
|---|---|---|---|---|---|---|---|---|---|---|---|---|---|---|---|
| Dewey Decimal Classification | Virtual | Virtual | Online | 04/04/2012 | ONLINE PUBLICATION | 155707-2001 | 06/08/2019 | 1 | 06/08/2019 | Book |